000 00526nam a2200181Ia 4500
999 _c29383
_d29383
003 OSt
005 20210112145333.0
008 190216s9999||||xx |||||||||||||| ||und||
020 _a9788182645608
040 _coclc
082 _a910
_bVEE/H
100 _aVeerendrakumar, M P
_91963
245 0 _aHaimavathabhuvil /
_cM P Veerendrakumar
260 _bMathrubhumi Printing & Publishing,
_aKozhikode:
_c2009.
300 _a734p
650 _aYathravivaranam
942 _cBK
_2ddc
_h910
_iVEE/H
_k910
_mVEE/H